Normal view
MARC view
- Prof. Faiz Ahmad.
Entry Personal Name
001 - CONTROL NUMBER
- control field: 16656
003 - CONTROL NUMBER IDENTIFIER
- control field: NUST
005 - DATE AND TIME OF LATEST TRANSACTION
- control field: 20190704054044.0
008 - FIXED-LENGTH DATA ELEMENTS
- fixed length control field: 190704|| aca||aabn | a|a d
040 ## - CATALOGING SOURCE
- Original cataloging agency: NUST
- Transcribing agency: NUST
100 ## - HEADING--PERSONAL NAME
- Personal name: Prof. Faiz Ahmad.
670 ## - SOURCE DATA FOUND
- Source citation: Work cat.: (NUST): Fatima, Syeda Madiha 16655, Some Methods of Solution for Nonlinear Differential Equations /, 2013.
